Save and grow : (Record no. 20251)

000 -LEADER
fixed length control field 00725cam a2200229Ia 4500
020 ## - INTERNATIONAL STANDARD BOOK NUMBER
ISBN 9789251076415
020 ## - INTERNATIONAL STANDARD BOOK NUMBER
ISBN 9251076413
040 ## - CATALOGING SOURCE
Transcribing agency UAB
082 ## - DEWEY DECIMAL CLASSIFICATION NUMBER
Classification number 633 FAO 2013 C323 Or.
100 1# - MAIN ENTRY--AUTHOR NAME
Personal name Howeler, R. H
245 10 - TITLE STATEMENT
Title Save and grow :
Remainder of title cassava : a guide to sustainable production intensification /
246 30 - VARYING FORM OF TITLE
Title proper/short title Cassava
260 ## - PUBLICATION, DISTRIBUTION, ETC. (IMPRINT)
Place of publication Rome :
Name of publisher Food and Agriculture Organization of the United Nations,
Year of publication 2013
300 ## - PHYSICAL DESCRIPTION
Number of Pages x, 129 p. :
Other physical details col. ill., col. map ;
Dimensions 26 cm
650 #0 - SUBJECT ADDED ENTRY--TOPICAL TERM
Topical Term Cassava
650 #0 - SUBJECT ADDED ENTRY--TOPICAL TERM
Topical Term Agricultural systems
650 #0 - SUBJECT ADDED ENTRY--TOPICAL TERM
Topical Term Sustainable agriculture
700 1# - ADDED ENTRY--PERSONAL NAME
Personal name Lutaladio, NeBambi
700 1# - ADDED ENTRY--PERSONAL NAME
Personal name Thomas, Graeme
710 2# - ADDED ENTRY--CORPORATE NAME
Corporate name or jurisdiction name as entry element Food and Agriculture Organization of the United Nations
942 ## - ADDED ENTRY ELEMENTS (KOHA)
Koha item type ADB
952 ## - LOCATION AND ITEM INFORMATION (KOHA)
Withdrawn status [LOCAL, KOHA] 0
952 ## - LOCATION AND ITEM INFORMATION (KOHA)
Withdrawn status [LOCAL, KOHA] 0
952 ## - LOCATION AND ITEM INFORMATION (KOHA)
Withdrawn status [LOCAL, KOHA] 0
952 ## - LOCATION AND ITEM INFORMATION (KOHA)
Withdrawn status [LOCAL, KOHA] 0
952 ## - LOCATION AND ITEM INFORMATION (KOHA)
Withdrawn status [LOCAL, KOHA] 0
952 ## - LOCATION AND ITEM INFORMATION (KOHA)
Withdrawn status [LOCAL, KOHA] 0
952 ## - LOCATION AND ITEM INFORMATION (KOHA)
Withdrawn status [LOCAL, KOHA] 0
952 ## - LOCATION AND ITEM INFORMATION (KOHA)
Withdrawn status [LOCAL, KOHA] 0
952 ## - LOCATION AND ITEM INFORMATION (KOHA)
Withdrawn status [LOCAL, KOHA] 0
952 ## - LOCATION AND ITEM INFORMATION (KOHA)
Withdrawn status [LOCAL, KOHA] 0
952 ## - LOCATION AND ITEM INFORMATION (KOHA)
Withdrawn status [LOCAL, KOHA] 0
Holdings
Permanent Location Date acquired Koha item type Lost status Shelving location Barcode Current Location Full call number
Library Block C2022-08-15ADB C101A069697Library Block C633 FAO 2013 C101 Or.
Library Block C2022-08-15ADB C101A069817Library Block C633 FAO 2013 C101 Or.
Library Block C2022-08-15ADB C101A069701Library Block C633 FAO 2013 C101 Or.
Library Block C2022-12-20ADB C101A069758Library Block C633 FAO 2013 C101 Or.
Library Block C2022-12-20ADB C101A069750Library Block C633 FAO 2013 C101 Or.
Library Block C2022-12-20ADB C101A069762Library Block C633 FAO 2013 C101 Or.
Library Block C2022-12-20ADB C101A069766Library Block C633 FAO 2013 C101 Or.
Library Block C2022-12-20ADB C101A069770Library Block C633 FAO 2013 C101 Or.
Library Block C2022-12-20ADB C101A069754Library Block C633 FAO 2013 C101 Or.
Library Block C2022-12-20ADB C101A069846Library Block C633 FAO 2013 C101 Or.
Library Block C2022-12-20ADB C101A069774Library Block C633 FAO 2013 C101 Or.
មជ្ឈមណ្ឌលឯការនៃសាកលវិទ្យាល័យភូមិន្ទកសិកម្មចំការដូង

Powered by Koha